00389nam a2200121Ia 4500008004100000082001100041245006000052250000600112260002100118300000800139630006000147730006000207090124s9999 xx 000 0 und d b204536 aINDIA: THE SIEGE WITHIN CHALLENGES TO A NATION'S UNITY  a1 bAKBAR M.J.c1996 a329 aINDIA: THE SIEGE WITHIN CHALLENGES TO A NATION'S UNITY  aINDIA: THE SIEGE WITHIN CHALLENGES TO A NATION'S UNITY